Normal view
MARC view
- الفن الموسيقى -الاغاني - الفنون التشكيلية -المغنى المصري
Entry Topical Term
001 - CONTROL NUMBER
- control field: 7879
003 - CONTROL NUMBER IDENTIFIER
- control field: JO-AjAnu
005 - DATE AND TIME OF LATEST TRANSACTION
- control field: 20230606071555.0
008 - FIXED-LENGTH DATA ELEMENTS
- fixed length control field: 230606|| aca||aabn | a|a d
040 ## - CATALOGING SOURCE
- Original cataloging agency: JO-AjAnu
- Transcribing agency: JO-AjAnu
150 ## - HEADING--TOPICAL TERM
- Topical term or geographic name entry element: الفن الموسيقى -الاغاني - الفنون التشكيلية -المغنى المصري
670 ## - SOURCE DATA FOUND
- Source citation: Work cat.: (JO-AjAnu)4070: بطرس،فكري تأليف, author 7878, فنانو الإسكندرية